Normal view
MARC view
Entry Topical Term
001 - CONTROL NUMBER
- control field: 44531
003 - CONTROL NUMBER IDENTIFIER
- control field: ARRUPE
005 - DATE AND TIME OF LATEST TRANSACTION
- control field: 20190212104644.0
008 - FIXED-LENGTH DATA ELEMENTS
- fixed length control field: 190212|| aca||aabn | a|a d
040 ## - CATALOGING SOURCE
- Original cataloging agency: ARRUPE
- Transcribing agency: ARRUPE
150 ## - HEADING--TOPICAL TERM
- Topical term or geographic name as entry element: God, Knowledge of
670 ## - SOURCE DATA FOUND
- Source citation: Work cat.: (ARRUPE): Edwards, John C. 44530, Ways of knowing , 1997